000 01098nam a2200229Ia 4500
001 11125
003 GE_BSU
008 181216s||||||||xx |||||||||||||| ||und||
040 _cGE_BSU
080 _a630.17(038)+633/635(213)(083)
100 _aბასილაშვილი,ი.ა.
245 _aმერქნიანი ჯიშებისა და ზოგიერთ სუბტროპიკულ მცენარეთა ლექსიკონი.
245 _cრედ:ი.ქვაჩახია.
250 _aმე-2 გადამუშავებული და შევსებული გამოცემა.
260 _aთბილისი.
260 _bგანათლება.
260 _c1982.
300 _a142გვ;29სმ.
520 _aქართულ,რუსულ და ლათინურ ენებზე.
653 _aმერქნიანი ჯიშებისა და ზოგიერთ სუბტროპიკულ მცენარეთა ლექსიკონი.
942 _cBK
999 _c44363
_d44363